[Event "DVM U20w 2018"]
[Site "Osnabrück GER"]
[Date "2018.12.29"]
[Round "5"]
[White "Bashylina, Luisa"]
[Black "Li, Zhuoling"]
[Result "0-1"]
[Termination "normal"]
[Board "1.1"]
[WhiteTitle "WCM"]
[BlackTitle "WFM"]
[WhiteElo "1846"]
[BlackElo "2076"]
[WhiteClock "00:10:10"]
[BlackClock "00:04:16"]
[WhiteTeam "SG Solingen"]
[BlackTeam "SV Stuttgart-Wolfbusch"]
[PlyCount "84"]
[WhiteFideId "12983292"]
[BlackFideId "8605629"]
[EventCountry "GER"]
[EventRounds "7"]
[EventType "team-swiss"]
[EventDate "2018.12.26"]

1. e4 {[%clk 1:30:58]} c5 {[%clk 1:30:53]} 2. Nf3 {[%clk 1:31:24]} Nc6 {[%clk
1:31:16]} 3. Bb5 {[%clk 1:31:46]} e6 {[%clk 1:31:41]} 4. Bxc6 {[%clk 1:31:41]}
dxc6 {[%clk 1:30:41]} 5. d3 Nf6 {[%clk 1:26:57]} 6. O-O {[%clk 1:30:22]} Be7
{[%clk 1:27:19]} 7. h3 b6 {[%clk 1:25:55]} 8. Nc3 {[%clk 1:24:50]} O-O {[%clk
1:24:58]} 9. Be3 {[%clk 1:21:47]} Qc7 {[%clk 1:24:01]} 10. Nd2 {[%clk 1:19:26]}
Ba6 {[%clk 1:12:31]} 11. b3 {[%clk 1:17:27]} e5 {[%clk 1:06:28]} 12. Ne2 {[%clk
0:59:45]} Rad8 {[%clk 1:02:15]} 13. Qe1 {[%clk 0:56:20]} b5 {[%clk 0:54:37]}
14. a4 {[%clk 0:55:28]} Bc8 {[%clk 0:54:07]} 15. f4 {[%clk 0:54:56]} exf4
{[%clk 0:36:10]} 16. Nxf4 {[%clk 0:50:38]} Bd6 {[%clk 0:34:53]} 17. Qf2 {[%clk
0:46:10]} Be5 {[%clk 0:29:56]} 18. Ra2 {[%clk 0:45:07]} Nd7 {[%clk 0:25:00]}
19. Ne2 {[%clk 0:38:20]} Bd6 {[%clk 0:18:53]} 20. Kh1 {[%clk 0:33:35]} a6
{[%clk 0:18:57]} 21. Raa1 {[%clk 0:31:35]} Be5 {[%clk 0:17:38]} 22. Ra2 {[%clk
0:28:05]} Bd6 {[%clk 0:17:54]} 23. Nf3 {[%clk 0:26:57]} Rde8 {[%clk 0:15:49]}
24. Raa1 {[%clk 0:25:22]} f5 {[%clk 0:15:18]} 25. Qh4 {[%clk 0:23:40]} Nf6
{[%clk 0:12:25]} 26. Nd2 {[%clk 0:19:44]} Qe7 {[%clk 0:12:12]} 27. Bf4 {[%clk
0:18:00]} fxe4 {[%clk 0:10:54]} 28. Bxd6 {[%clk 0:17:57]} Qxd6 {[%clk 0:11:20]}
29. Nxe4 {[%clk 0:17:05]} Nxe4 {[%clk 0:11:36]} 30. Rxf8+ {[%clk 0:16:22]} Rxf8
{[%clk 0:10:34]} 31. Qxe4 {[%clk 0:15:37]} Be6 {[%clk 0:08:46]} 32. c4 {[%clk
0:14:35]} Bf5 {[%clk 0:08:32]} 33. Qh4 {[%clk 0:12:54]} Qxd3 {[%clk 0:08:03]}
34. Ng3 {[%clk 0:12:43]} bxc4 {[%clk 0:03:50]} 35. bxc4 {[%clk 0:12:05]} Qd4
36. Qxd4 {[%clk 0:11:59]} cxd4 {[%clk 0:04:08]} 37. c5 {[%clk 0:12:06]} Bg6
{[%clk 0:04:13]} 38. Ne2 {[%clk 0:11:18]} d3 {[%clk 0:04:12]} 39. Nd4 {[%clk
0:11:20]} Be4 {[%clk 0:03:36]} 40. Re1 {[%clk 0:10:23]} d2 {[%clk 0:03:43]} 41.
Rd1 {[%clk 0:10:01]} Rf2 {[%clk 0:04:07]} 42. Nb3 {[%clk 0:10:10]} Rxg2 {[%clk
0:04:16]} 0-1

[Event "DVM U20w 2018"]
[Site "Osnabrück GER"]
[Date "2018.12.29"]
[Round "5"]
[White "Ley, Sabrina"]
[Black "Müdder, Melanie"]
[Result "0-1"]
[Termination "normal"]
[Board "1.2"]
[WhiteElo "1829"]
[BlackElo "1863"]
[WhiteClock "00:27:28"]
[BlackClock "00:14:04"]
[WhiteTeam "SV Stuttgart-Wolfbusch"]
[BlackTeam "SG Solingen"]
[PlyCount "96"]
[WhiteFideId "12938130"]
[BlackFideId "12994103"]
[EventCountry "GER"]
[EventRounds "7"]
[EventType "team-swiss"]
[EventDate "2018.12.26"]

1. c4 {[%clk 1:30:57]} e5 {[%clk 1:30:51]} 2. Nc3 {[%clk 1:31:11]} Nc6 {[%clk
1:31:07]} 3. g3 {[%clk 1:31:17]} Bc5 {[%clk 1:31:18]} 4. Bg2 {[%clk 1:31:15]}
a6 {[%clk 1:31:07]} 5. e3 {[%clk 1:30:18]} d6 {[%clk 1:31:26]} 6. Nge2 {[%clk
1:30:21]} Ba7 {[%clk 1:31:37]} 7. b3 {[%clk 1:29:59]} Nf6 {[%clk 1:30:05]} 8.
d4 {[%clk 1:28:44]} O-O {[%clk 1:29:12]} 9. Bb2 Bg4 {[%clk 1:19:03]} 10. h3
{[%clk 1:17:27]} Bf5 {[%clk 1:08:07]} 11. d5 {[%clk 0:54:06]} Ne7 {[%clk
0:58:55]} 12. Qd2 {[%clk 0:48:00]} Qe8 13. g4 Bg6 {[%clk 0:53:43]} 14. O-O-O
{[%clk 0:45:49]} b5 {[%clk 0:47:11]} 15. cxb5 {[%clk 0:40:19]} axb5 16. Ng3 b4
{[%clk 0:38:50]} 17. Na4 {[%clk 0:36:33]} c6 {[%clk 0:33:31]} 18. f4 Nfxd5 19.
Rhe1 {[%clk 0:31:43]} f6 {[%clk 0:22:54]} 20. f5 {[%clk 0:23:25]} Bf7 {[%clk
0:23:14]} 21. Kb1 {[%clk 0:20:26]} Qd8 {[%clk 0:18:21]} 22. Bf1 {[%clk
0:17:21]} Qc7 {[%clk 0:15:51]} 23. e4 {[%clk 0:16:01]} Nf4 {[%clk 0:15:11]} 24.
Nh5 {[%clk 0:12:19]} Nxh5 {[%clk 0:13:41]} 25. gxh5 {[%clk 0:12:45]} Bxh5
{[%clk 0:13:37]} 26. Qxd6 {[%clk 0:11:19]} Qxd6 {[%clk 0:12:48]} 27. Rxd6
{[%clk 0:11:47]} Rfd8 {[%clk 0:10:15]} 28. Rxd8+ {[%clk 0:11:21]} Rxd8 {[%clk
0:10:39]} 29. Bc1 {[%clk 0:06:49]} Kf8 {[%clk 0:09:13]} 30. Kc2 {[%clk
0:06:01]} Bf2 {[%clk 0:08:13]} 31. Re2 {[%clk 0:04:21]} Bxe2 {[%clk 0:07:49]}
32. Bxe2 Bd4 {[%clk 0:05:02]} 33. Nb2 {[%clk 0:03:15]} Bxb2 {[%clk 0:03:00]}
34. Bxb2 {[%clk 0:03:20]} g6 {[%clk 0:03:07]} 35. fxg6 {[%clk 0:03:14]} Nxg6
{[%clk 0:02:42]} 36. Bc1 {[%clk 0:02:44]} Ra8 {[%clk 0:02:10]} 37. Kb2 {[%clk
0:02:37]} Nf4 {[%clk 0:02:08]} 38. Bf1 {[%clk 0:02:08]} Kf7 {[%clk 0:01:40]}
39. Be3 {[%clk 0:02:06]} Rd8 {[%clk 0:01:32]} 40. Kc2 {[%clk 0:02:22]} Ra8
{[%clk 0:01:23]} 41. Kb2 {[%clk 0:02:30]} Kg6 {[%clk 0:22:02]} 42. Bc5 {[%clk
0:32:18]} Rb8 {[%clk 0:20:32]} 43. Bd6 {[%clk 0:31:54]} Rb7 {[%clk 0:20:17]}
44. Ba6 {[%clk 0:31:25]} Rb6 {[%clk 0:19:53]} 45. Bc8 {[%clk 0:30:37]} Kg5 46.
Be7 c5 {[%clk 0:14:29]} 47. Bf5 {[%clk 0:27:40]} h5 {[%clk 0:13:47]} 48. Bxc5
{[%clk 0:27:28]} Nd3+ {[%clk 0:14:04]} 0-1

[Event "DVM U20w 2018"]
[Site "Osnabrück GER"]
[Date "2018.12.29"]
[Round "5"]
[White "Liu, Sijia Anna"]
[Black "Berelowitsch, Dana"]
[Result "0-1"]
[Termination "normal"]
[Board "1.4"]
[WhiteElo "1607"]
[BlackElo "1769"]
[WhiteClock "00:05:26"]
[BlackClock "00:02:34"]
[WhiteTeam "SV Stuttgart-Wolfbusch"]
[BlackTeam "SG Solingen"]
[PlyCount "146"]
[WhiteFideId "12989746"]
[BlackFideId "12977144"]
[EventCountry "GER"]
[EventRounds "7"]
[EventType "team-swiss"]
[EventDate "2018.12.26"]

1. e4 {[%clk 1:30:58]} c5 {[%clk 1:30:56]} 2. Nf3 {[%clk 1:31:18]} g6 {[%clk
1:31:19]} 3. d4 {[%clk 1:31:37]} cxd4 {[%clk 1:31:44]} 4. Nxd4 {[%clk 1:31:53]}
Bg7 {[%clk 1:32:09]} 5. c4 {[%clk 1:32:06]} Nc6 {[%clk 1:32:32]} 6. Be3 {[%clk
1:32:26]} Nf6 {[%clk 1:32:46]} 7. Nc3 {[%clk 1:32:26]} Ng4 {[%clk 1:31:49]} 8.
Qxg4 {[%clk 1:32:31]} Nxd4 {[%clk 1:32:04]} 9. Qd1 {[%clk 1:32:40]} Nc6 {[%clk
1:31:29]} 10. Qd2 {[%clk 1:31:27]} O-O {[%clk 1:29:52]} 11. Be2 {[%clk
1:29:47]} d6 {[%clk 1:28:47]} 12. O-O {[%clk 1:28:39]} Qa5 {[%clk 1:21:30]} 13.
Rac1 {[%clk 1:25:13]} Rd8 {[%clk 1:17:25]} 14. Rfd1 {[%clk 1:20:19]} Bd7 {[%clk
1:13:04]} 15. b3 {[%clk 1:14:07]} Rac8 {[%clk 1:09:41]} 16. f3 {[%clk 1:05:07]}
f5 {[%clk 0:53:38]} 17. Qd5+ {[%clk 0:52:58]} Qxd5 {[%clk 0:52:11]} 18. exd5
{[%clk 0:52:06]} Nb4 {[%clk 0:45:19]} 19. a3 {[%clk 0:49:03]} Na6 {[%clk
0:44:25]} 20. b4 {[%clk 0:42:56]} Ra8 {[%clk 0:40:12]} 21. c5 {[%clk 0:34:00]}
Nc7 {[%clk 0:36:25]} 22. Bc4 {[%clk 0:30:31]} Kf8 {[%clk 0:33:16]} 23. Bf4
{[%clk 0:28:50]} Ne8 {[%clk 0:30:06]} 24. Re1 {[%clk 0:23:46]} Bd4+ {[%clk
0:19:27]} 25. Be3 {[%clk 0:22:42]} Bxe3+ {[%clk 0:17:47]} 26. Rxe3 {[%clk
0:22:56]} Rac8 {[%clk 0:14:38]} 27. Bb5 {[%clk 0:15:56]} dxc5 {[%clk 0:12:47]}
28. Bxd7 {[%clk 0:14:13]} Rxd7 {[%clk 0:13:06]} 29. Na4 {[%clk 0:14:30]} Rxd5
{[%clk 0:09:25]} 30. Rxc5 {[%clk 0:13:39]} Rcxc5 {[%clk 0:08:22]} 31. Nxc5
{[%clk 0:13:46]} Nd6 {[%clk 0:07:21]} 32. Ne6+ {[%clk 0:13:14]} Kg8 {[%clk
0:05:53]} 33. Nf4 {[%clk 0:10:31]} Rd1+ {[%clk 0:05:16]} 34. Kf2 {[%clk
0:10:51]} Kf7 {[%clk 0:04:36]} 35. Ne6 {[%clk 0:10:09]} h6 {[%clk 0:03:17]} 36.
Nd8+ {[%clk 0:08:22]} Ke8 {[%clk 0:02:21]} 37. Ne6 {[%clk 0:08:30]} Kf7 {[%clk
0:02:14]} 38. Nd8+ {[%clk 0:08:19]} Kf8 {[%clk 0:01:56]} 39. Ne6+ {[%clk
0:06:38]} Ke8 {[%clk 0:01:01]} 40. Nf4 {[%clk 0:06:04]} Kf7 {[%clk 0:00:43]}
41. Ne6 {[%clk 0:05:46]} g5 {[%clk 0:29:23]} 42. Nc5 {[%clk 0:33:22]} b6 {[%clk
0:25:41]} 43. Na6 {[%clk 0:26:20]} Rd2+ {[%clk 0:24:23]} 44. Kf1 {[%clk
0:26:23]} f4 {[%clk 0:23:47]} 45. Rc3 {[%clk 0:25:09]} Nb5 {[%clk 0:22:07]} 46.
Rc6 {[%clk 0:24:13]} Rd6 {[%clk 0:20:48]} 47. Rxd6 {[%clk 0:23:37]} Nxd6 {[%clk
0:20:30]} 48. Nb8 {[%clk 0:22:04]} Nc4 {[%clk 0:18:54]} 49. Nc6 {[%clk
0:21:51]} a5 {[%clk 0:17:06]} 50. bxa5 {[%clk 0:21:21]} Nxa5 {[%clk 0:17:27]}
51. Ne5+ {[%clk 0:20:24]} Ke6 {[%clk 0:17:10]} 52. Ng4 {[%clk 0:19:41]} h5
{[%clk 0:17:08]} 53. Nf2 {[%clk 0:19:43]} Nc4 {[%clk 0:17:16]} 54. Ne4 {[%clk
0:19:19]} Kf5 {[%clk 0:16:02]} 55. a4 {[%clk 0:19:06]} Nd6 {[%clk 0:14:26]} 56.
Nc3 {[%clk 0:17:37]} Ke5 {[%clk 0:14:33]} 57. Ke2 {[%clk 0:14:28]} Kd4 {[%clk
0:14:37]} 58. Nd1 {[%clk 0:13:29]} Nc4 {[%clk 0:13:48]} 59. Nf2 {[%clk
0:13:15]} Nb2 {[%clk 0:11:31]} 60. Nh3 {[%clk 0:12:00]} Nxa4 {[%clk 0:11:37]}
61. Nxg5 {[%clk 0:12:02]} Nc5 {[%clk 0:11:00]} 62. Nh3 {[%clk 0:11:07]} e5
{[%clk 0:10:18]} 63. Nf2 {[%clk 0:10:58]} h4 {[%clk 0:08:28]} 64. Kd2 {[%clk
0:08:32]} e4 {[%clk 0:08:03]} 65. Ke2 {[%clk 0:07:58]} e3 {[%clk 0:07:37]} 66.
Nh3 {[%clk 0:06:57]} Ne6 {[%clk 0:07:25]} 67. Ng1 {[%clk 0:06:32]} b5 {[%clk
0:03:11]} 68. Kd1 {[%clk 0:06:24]} Ke5 {[%clk 0:02:57]} 69. Ne2 {[%clk
0:06:14]} Nd4 {[%clk 0:03:00]} 70. Nc3 {[%clk 0:05:37]} b4 {[%clk 0:03:15]} 71.
Nb1 {[%clk 0:05:46]} Kd5 {[%clk 0:02:45]} 72. Ke1 {[%clk 0:05:25]} Kc4 {[%clk
0:02:42]} 73. Kd1 {[%clk 0:05:26]} Kd3 {[%clk 0:02:34]} 0-1

[Event "DVM U20w 2018"]
[Site "Osnabrück GER"]
[Date "2018.12.29"]
[Round "5"]
[White "Rosmait, Emily"]
[Black "Rudolph, Eva"]
[Result "1-0"]
[Termination "normal"]
[Board "2.1"]
[WhiteElo "1911"]
[BlackElo "1796"]
[WhiteClock "00:02:53"]
[BlackClock "00:26:52"]
[WhiteTeam "TuRa Harksheide von 1945 Norderstedt"]
[BlackTeam "Düsseldorfer SK"]
[PlyCount "135"]
[WhiteFideId "12937754"]
[BlackFideId "16200594"]
[EventCountry "GER"]
[EventRounds "7"]
[EventType "team-swiss"]
[EventDate "2018.12.26"]

1. e4 {[%clk 1:30:58]} e6 {[%clk 1:30:54]} 2. d3 {[%clk 1:29:31]} d5 {[%clk
1:30:53]} 3. Nd2 {[%clk 1:29:55]} c5 {[%clk 1:30:41]} 4. g3 {[%clk 1:29:30]}
Nc6 {[%clk 1:29:37]} 5. Bg2 {[%clk 1:29:47]} Nf6 {[%clk 1:29:12]} 6. Ngf3
{[%clk 1:29:49]} Be7 {[%clk 1:28:58]} 7. O-O {[%clk 1:29:52]} O-O {[%clk
1:27:51]} 8. Re1 Qc7 {[%clk 1:19:03]} 9. e5 {[%clk 1:20:25]} Nd7 {[%clk
1:19:08]} 10. Qe2 {[%clk 1:20:39]} Re8 {[%clk 1:11:01]} 11. Nf1 {[%clk
1:16:11]} f6 {[%clk 1:00:17]} 12. exf6 {[%clk 1:09:23]} Bxf6 {[%clk 0:59:45]}
13. Ne3 {[%clk 1:08:16]} Nb6 {[%clk 0:54:23]} 14. Ng4 {[%clk 1:04:45]} Be7
{[%clk 0:49:47]} 15. Bf4 {[%clk 0:49:16]} Bd6 {[%clk 0:48:31]} 16. Bxd6 {[%clk
0:46:12]} Qxd6 {[%clk 0:48:53]} 17. Nge5 {[%clk 0:46:17]} Nxe5 {[%clk 0:47:37]}
18. Nxe5 {[%clk 0:45:57]} Nd7 {[%clk 0:45:33]} 19. c3 {[%clk 0:41:42]} Rf8
{[%clk 0:41:01]} 20. Bh3 {[%clk 0:34:54]} Nxe5 {[%clk 0:36:46]} 21. Qxe5 {[%clk
0:35:17]} Qxe5 {[%clk 0:36:57]} 22. Rxe5 {[%clk 0:35:43]} Rf6 {[%clk 0:37:06]}
23. Rae1 {[%clk 0:35:41]} Kf7 {[%clk 0:37:16]} 24. Bg2 {[%clk 0:33:55]} Kg8 25.
c4 {[%clk 0:28:54]} Bd7 {[%clk 0:20:17]} 26. cxd5 {[%clk 0:27:55]} exd5 {[%clk
0:17:42]} 27. Bxd5+ {[%clk 0:22:02]} Kf8 {[%clk 0:12:19]} 28. Re7 {[%clk
0:18:17]} Bc6 {[%clk 0:10:15]} 29. Bxc6 {[%clk 0:16:55]} bxc6 30. Rd7 {[%clk
0:14:23]} Rf7 {[%clk 0:08:10]} 31. Rxf7+ {[%clk 0:12:17]} Kxf7 {[%clk 0:08:28]}
32. Kf1 {[%clk 0:11:30]} Rb8 {[%clk 0:07:45]} 33. b3 {[%clk 0:11:30]} a5 34.
Re4 {[%clk 0:10:30]} Kf6 {[%clk 0:07:00]} 35. Ke2 {[%clk 0:10:00]} Rb7 {[%clk
0:05:06]} 36. f3 Rb8 37. Kd2 {[%clk 0:08:38]} Kf5 {[%clk 0:03:16]} 38. Kc3
{[%clk 0:08:02]} Ra8 {[%clk 0:01:45]} 39. Rc4 {[%clk 0:06:07]} Ke6 {[%clk
0:01:40]} 40. Rxc5 {[%clk 0:06:01]} Kd6 41. d4 {[%clk 0:01:12]} a4 {[%clk
0:01:23]} 42. b4 {[%clk 0:29:29]} Re8 {[%clk 0:30:34]} 43. Re5 {[%clk 0:24:22]}
Rf8 44. f4 {[%clk 0:22:38]} Rf6 {[%clk 0:30:15]} 45. Kc4 {[%clk 0:21:20]} Rh6
46. h4 {[%clk 0:20:49]} Rf6 {[%clk 0:29:29]} 47. a3 {[%clk 0:18:55]} h6 {[%clk
0:29:38]} 48. b5 cxb5+ {[%clk 0:28:02]} 49. Rxb5 {[%clk 0:17:07]} Kc6 50. h5
{[%clk 0:16:16]} Re6 {[%clk 0:27:32]} 51. Re5 {[%clk 0:16:23]} Rf6 52. Ra5
{[%clk 0:12:55]} Kb6 {[%clk 0:27:57]} 53. Rb5+ {[%clk 0:13:11]} Kc6 {[%clk
0:28:07]} 54. d5+ {[%clk 0:13:19]} Kc7 55. Rc5+ {[%clk 0:10:22]} Kd7 {[%clk
0:27:46]} 56. Ra5 {[%clk 0:09:36]} g6 {[%clk 0:26:59]} 57. Rxa4 {[%clk
0:07:13]} gxh5 {[%clk 0:26:51]} 58. Ra7+ {[%clk 0:07:28]} Kc8 59. Rg7 {[%clk
0:05:13]} Ra6 {[%clk 0:27:02]} 60. Kb4 {[%clk 0:04:54]} Rd6 {[%clk 0:26:47]}
61. Kc5 {[%clk 0:04:37]} Ra6 62. f5 {[%clk 0:03:29]} Rxa3 {[%clk 0:26:10]} 63.
f6 {[%clk 0:03:27]} Rf3 {[%clk 0:25:49]} 64. f7 {[%clk 0:03:29]} Kd8 65. Rg8+
{[%clk 0:01:51]} Ke7 {[%clk 0:26:04]} 66. f8=Q+ {[%clk 0:02:04]} Rxf8 {[%clk
0:26:29]} 67. Rxf8 {[%clk 0:02:31]} Kxf8 {[%clk 0:26:52]} 68. Kc6 {[%clk
0:02:53]} 1-0

[Event "DVM U20w 2018"]
[Site "Osnabrück GER"]
[Date "2018.12.29"]
[Round "5"]
[White "Sokolowski, Judith"]
[Black "Köhler, Inken"]
[Result "1/2-1/2"]
[Termination "normal"]
[Board "2.2"]
[WhiteElo "1589"]
[BlackElo "1968"]
[WhiteClock "00:02:44"]
[BlackClock "00:10:31"]
[WhiteTeam "Düsseldorfer SK"]
[BlackTeam "TuRa Harksheide von 1945 Norderstedt"]
[PlyCount "99"]
[WhiteFideId "16200624"]
[BlackFideId "12929301"]
[EventCountry "GER"]
[EventRounds "7"]
[EventType "team-swiss"]
[EventDate "2018.12.26"]

1. e4 c5 2. c3 {[%clk 1:30:44]} d5 {[%clk 1:30:50]} 3. exd5 {[%clk 1:31:08]}
Qxd5 {[%clk 1:31:13]} 4. d4 {[%clk 1:31:26]} Nc6 {[%clk 1:31:21]} 5. Nf3 {[%clk
1:31:46]} Bf5 {[%clk 1:31:05]} 6. Be3 {[%clk 1:31:58]} cxd4 {[%clk 1:31:05]} 7.
Nxd4 Nxd4 {[%clk 1:19:51]} 8. Qxd4 {[%clk 1:30:27]} Nf6 9. Nd2 {[%clk 1:25:41]}
e5 {[%clk 1:12:42]} 10. Qa4+ {[%clk 1:22:44]} Bd7 {[%clk 1:11:03]} 11. Qb3
{[%clk 1:20:38]} Qxb3 {[%clk 1:10:40]} 12. axb3 {[%clk 1:19:14]} a6 {[%clk
1:07:57]} 13. Nc4 {[%clk 1:15:24]} Ng4 {[%clk 1:07:17]} 14. Bb6 Be6 {[%clk
0:56:56]} 15. h3 {[%clk 1:05:10]} Nf6 16. Nxe5 {[%clk 0:44:49]} Bxb3 {[%clk
0:56:55]} 17. Bb5+ {[%clk 0:42:16]} Ke7 {[%clk 0:56:59]} 18. O-O {[%clk
0:38:13]} Rc8 {[%clk 0:55:34]} 19. Ba4 {[%clk 0:32:44]} Be6 {[%clk 0:51:27]}
20. Rfe1 {[%clk 0:30:10]} Nd5 {[%clk 0:48:56]} 21. Ba5 {[%clk 0:27:51]} g6
{[%clk 0:24:41]} 22. c4 {[%clk 0:22:36]} Nf4 {[%clk 0:18:28]} 23. Bb4+ {[%clk
0:20:03]} Kd8 {[%clk 0:16:20]} 24. Ba5+ Ke7 {[%clk 0:16:41]} 25. Rad1 {[%clk
0:16:24]} Bg7 {[%clk 0:10:10]} 26. Bb4+ {[%clk 0:12:01]} Kf6 {[%clk 0:10:31]}
27. Nd7+ {[%clk 0:08:39]} Kg5 {[%clk 0:08:29]} 28. Be7+ {[%clk 0:03:32]} Kh6
{[%clk 0:02:58]} 29. h4 {[%clk 0:02:13]} Kh5 {[%clk 0:02:09]} 30. f3 {[%clk
0:00:51]} Rxc4 {[%clk 0:00:42]} 31. Rxe6 {[%clk 0:00:35]} Nxe6 {[%clk 0:00:42]}
32. Rd5+ {[%clk 0:00:43]} f5 {[%clk 0:00:44]} 33. g4+ {[%clk 0:00:46]} Kh6
{[%clk 0:00:58]} 34. Bd1 {[%clk 0:00:36]} Bd4+ {[%clk 0:00:53]} 35. Kh1 {[%clk
0:00:42]} Re8 {[%clk 0:00:50]} 36. g5+ {[%clk 0:00:38]} Kg7 {[%clk 0:00:56]}
37. Bf6+ {[%clk 0:00:35]} Bxf6 {[%clk 0:01:25]} 38. gxf6+ {[%clk 0:00:39]} Kf7
{[%clk 0:01:38]} 39. Ne5+ {[%clk 0:01:04]} Kxf6 {[%clk 0:01:58]} 40. Nxc4
{[%clk 0:01:29]} Nf4 {[%clk 0:01:23]} 41. Rd6+ {[%clk 0:01:34]} Kf7 42. Rd7+
{[%clk 0:29:42]} Kf6 {[%clk 0:29:57]} 43. Kh2 {[%clk 0:27:48]} b5 44. Nb6
{[%clk 0:25:41]} Rb8 {[%clk 0:24:35]} 45. Rd6+ {[%clk 0:22:06]} Ke7 {[%clk
0:24:22]} 46. Rd7+ {[%clk 0:16:58]} Kf6 {[%clk 0:24:07]} 47. Rd6+ {[%clk
0:16:29]} Ke7 48. Rc6 {[%clk 0:12:40]} Rd8 {[%clk 0:21:34]} 49. Rc7+ {[%clk
0:06:02]} Kf6 {[%clk 0:10:31]} 50. Rd7 {[%clk 0:02:44]} 1/2-1/2

[Event "DVM U20w 2018"]
[Site "Osnabrück GER"]
[Date "2018.12.29"]
[Round "5"]
[White "Greßmann, Hanna"]
[Black "Garbuz, Nicole"]
[Result "1/2-1/2"]
[Termination "normal"]
[Board "2.3"]
[WhiteElo "1839"]
[BlackElo "1666"]
[WhiteClock "00:24:02"]
[BlackClock "00:08:17"]
[WhiteTeam "TuRa Harksheide von 1945 Norderstedt"]
[BlackTeam "Düsseldorfer SK"]
[PlyCount "99"]
[WhiteFideId "12930709"]
[BlackFideId "12990701"]
[EventCountry "GER"]
[EventRounds "7"]
[EventType "team-swiss"]
[EventDate "2018.12.26"]

1. e4 e5 {[%clk 1:30:55]} 2. Nf3 {[%clk 1:31:16]} Nc6 {[%clk 1:31:18]} 3. d4
{[%clk 1:31:36]} exd4 {[%clk 1:31:36]} 4. Nxd4 {[%clk 1:32:00]} Nf6 5. Nxc6
{[%clk 1:32:10]} bxc6 {[%clk 1:31:47]} 6. Qe2 {[%clk 1:31:53]} Be7 {[%clk
1:23:53]} 7. Nc3 {[%clk 1:30:19]} O-O {[%clk 1:20:55]} 8. Bd2 {[%clk 1:10:45]}
d5 {[%clk 1:13:16]} 9. O-O-O Bb4 {[%clk 1:05:17]} 10. exd5 {[%clk 1:03:32]}
Bxc3 {[%clk 0:41:18]} 11. Bxc3 {[%clk 1:03:12]} Nxd5 {[%clk 0:38:05]} 12. Bd4
{[%clk 0:58:46]} Qg5+ {[%clk 0:36:08]} 13. Qd2 {[%clk 0:57:14]} Qg6 {[%clk
0:34:20]} 14. h3 {[%clk 0:53:13]} Bf5 {[%clk 0:32:12]} 15. f3 {[%clk 0:49:53]}
Qd6 {[%clk 0:27:55]} 16. Bc4 {[%clk 0:41:27]} Be6 {[%clk 0:24:05]} 17. Qg5
{[%clk 0:29:35]} Qf4+ {[%clk 0:20:35]} 18. Qxf4 {[%clk 0:29:59]} Nxf4 {[%clk
0:21:00]} 19. Ba6 {[%clk 0:28:04]} Nd5 {[%clk 0:14:08]} 20. a3 {[%clk 0:26:29]}
Rab8 {[%clk 0:12:58]} 21. g3 {[%clk 0:25:02]} Rfe8 {[%clk 0:12:00]} 22. Bd3
{[%clk 0:24:17]} a5 {[%clk 0:11:35]} 23. Be4 {[%clk 0:23:01]} f5 {[%clk
0:10:36]} 24. Bd3 {[%clk 0:22:38]} Nb6 {[%clk 0:09:34]} 25. g4 {[%clk 0:18:26]}
Bd5 {[%clk 0:08:33]} 26. Rdf1 {[%clk 0:17:55]} f4 {[%clk 0:07:48]} 27. g5
{[%clk 0:16:43]} Bc4 {[%clk 0:07:15]} 28. Bxc4+ {[%clk 0:14:01]} Nxc4 {[%clk
0:07:43]} 29. Re1 {[%clk 0:13:48]} Rbd8 {[%clk 0:07:13]} 30. Bc3 {[%clk
0:13:18]} a4 {[%clk 0:06:59]} 31. Rhg1 {[%clk 0:12:19]} Re3 32. Rxe3 {[%clk
0:10:47]} fxe3 {[%clk 0:06:59]} 33. Re1 {[%clk 0:10:22]} Re8 {[%clk 0:06:17]}
34. Kd1 {[%clk 0:09:24]} c5 {[%clk 0:05:34]} 35. Ke2 {[%clk 0:08:45]} Nd6
{[%clk 0:05:17]} 36. Kd3 {[%clk 0:05:43]} Nf5 {[%clk 0:03:53]} 37. f4 {[%clk
0:05:37]} Kf7 {[%clk 0:03:48]} 38. Be5 Rd8+ {[%clk 0:02:59]} 39. Kc3 {[%clk
0:02:49]} c6 {[%clk 0:01:55]} 40. b3 {[%clk 0:02:44]} Ra8 {[%clk 0:00:44]} 41.
b4 {[%clk 0:30:41]} cxb4+ {[%clk 0:30:31]} 42. Kxb4 {[%clk 0:31:04]} Ke6 {[%clk
0:28:36]} 43. Kc4 {[%clk 0:30:14]} Rd8 {[%clk 0:24:21]} 44. Kc3 g6 {[%clk
0:13:48]} 45. Bc7 {[%clk 0:29:56]} Rd2 {[%clk 0:11:18]} 46. Bb6 Rh2 {[%clk
0:10:41]} 47. Bxe3 {[%clk 0:28:24]} Rxh3 {[%clk 0:10:52]} 48. Kd2 {[%clk
0:25:49]} Kd5 {[%clk 0:08:17]} 49. Bb6 {[%clk 0:24:02]} Kd6 50. Re5 1/2-1/2

[Event "DVM U20w 2018"]
[Site "Osnabrück GER"]
[Date "2018.12.29"]
[Round "5"]
[White "Paulweber, Lara Maria"]
[Black "Giede, Anna-Blume"]
[Result "1/2-1/2"]
[Termination "normal"]
[Board "2.4"]
[WhiteElo "1483"]
[BlackElo "1569"]
[WhiteClock "00:11:29"]
[BlackClock "00:02:39"]
[WhiteTeam "Düsseldorfer SK"]
[BlackTeam "TuRa Harksheide von 1945 Norderstedt"]
[PlyCount "76"]
[WhiteFideId "12954411"]
[BlackFideId "12921980"]
[EventCountry "GER"]
[EventRounds "7"]
[EventType "team-swiss"]
[EventDate "2018.12.26"]

1. e4 {[%clk 1:30:57]} c6 {[%clk 1:30:53]} 2. c4 {[%clk 1:31:24]} d5 {[%clk
1:31:17]} 3. exd5 {[%clk 1:31:51]} cxd5 {[%clk 1:31:40]} 4. cxd5 {[%clk
1:32:17]} Qxd5 {[%clk 1:31:58]} 5. Nc3 {[%clk 1:32:40]} Qd8 {[%clk 1:31:38]} 6.
Nf3 {[%clk 1:32:55]} Nf6 {[%clk 1:30:43]} 7. Bc4 {[%clk 1:30:59]} e6 {[%clk
1:30:29]} 8. d4 {[%clk 1:29:21]} a6 {[%clk 1:23:39]} 9. O-O {[%clk 1:24:24]}
Be7 {[%clk 1:16:43]} 10. Ne5 {[%clk 1:11:24]} O-O {[%clk 1:12:48]} 11. d5
{[%clk 1:04:03]} b5 {[%clk 1:02:28]} 12. Be2 {[%clk 0:46:22]} exd5 {[%clk
1:00:21]} 13. Bf3 {[%clk 0:45:10]} Bb7 {[%clk 0:59:26]} 14. Bg5 {[%clk
0:43:15]} Ne4 {[%clk 0:48:14]} 15. Bxe4 {[%clk 0:37:21]} dxe4 {[%clk 0:47:54]}
16. Qxd8 {[%clk 0:36:06]} Bxd8 {[%clk 0:48:17]} 17. Bxd8 {[%clk 0:35:53]} Rxd8
{[%clk 0:48:38]} 18. Rfe1 {[%clk 0:34:53]} f5 {[%clk 0:37:42]} 19. f4 {[%clk
0:29:47]} exf3 {[%clk 0:27:57]} 20. Nxf3 {[%clk 0:29:41]} Bxf3 {[%clk 0:23:40]}
21. gxf3 {[%clk 0:30:01]} Nc6 {[%clk 0:23:32]} 22. Rad1 {[%clk 0:25:41]} Nd4
{[%clk 0:21:29]} 23. Kf2 {[%clk 0:24:41]} Kf7 {[%clk 0:21:03]} 24. Rd2 {[%clk
0:23:32]} Rac8 {[%clk 0:16:50]} 25. Red1 {[%clk 0:21:33]} Ne6 {[%clk 0:16:07]}
26. Rxd8 {[%clk 0:21:21]} Rxd8 {[%clk 0:16:32]} 27. Rxd8 {[%clk 0:21:46]} Nxd8
{[%clk 0:16:58]} 28. Nd5 {[%clk 0:20:34]} Ne6 {[%clk 0:14:31]} 29. Ke3 {[%clk
0:20:45]} g5 {[%clk 0:14:35]} 30. b3 {[%clk 0:18:33]} h5 {[%clk 0:14:20]} 31.
h3 {[%clk 0:15:29]} g4 {[%clk 0:13:22]} 32. fxg4 {[%clk 0:14:59]} fxg4 {[%clk
0:13:22]} 33. hxg4 {[%clk 0:14:44]} hxg4 34. Ke4 {[%clk 0:13:24]} Nc5+ {[%clk
0:03:58]} 35. Kf4 {[%clk 0:10:46]} Nd3+ {[%clk 0:04:19]} 36. Kxg4 {[%clk
0:11:07]} Nc1 {[%clk 0:04:29]} 37. Nc7 {[%clk 0:11:08]} Nxa2 {[%clk 0:02:51]}
38. Nxa6 {[%clk 0:11:29]} Nc1 {[%clk 0:02:39]} 1/2-1/2